000
00245pam a2200121 a 4500
020
_c
041
_a
eng
100
_a
Morgan.D.
245
_a
Love
_h
Textual Documents
260
_a
[s.l]:
_b
Janico Publishing
300
_a
252p.
930
_a
15545
999
_c
92445
_d
92445